| 000 | 00361nam a2200133Ia 4500 | ||
|---|---|---|---|
| 005 | 20251222144742.0 | ||
| 008 | 251222s9999||||xx |||||||||||||| ||spa|| | ||
| 020 | _a84-368-1490-8 | ||
| 082 | _a371.334/C42 | ||
| 100 | _aCebrián de la Serna, Manuel | ||
| 245 | 0 | _aNuevas Tecnologías Aplicadas a las Didácticas Especiales | |
| 264 | _bPirámide | ||
| 942 | _cLIB | ||
| 999 |
_c18991 _d18991 |
||